- Ordorika Sacristán, Imanol,
Entry Nombre Personal
001 - NUMERO DE CONTROL
- campo de control: 46064
003 - IDENTIFICADOR DE NUMERO DE CONTROL
- campo de control: DLC
005 - FECHA Y HORA DE LA ÜLTIMA TRANSACCIÓN
- campo de control: 20220920080217.0
008 - DATOS DE LONGITUD FIJA
- campo de control de longitud fija: 220920n| acannaabn |a aaa
010 ## - NÚMERO DE CONTROL DE LA BIBLIOTECA DEL CONGRESO
- Número de control LC: n 94124324
- Número de Control LC Cancelado/inválido: n 2002101487
035 ## - NUMERO DE CONTROL
- Número de control: (OCoLC)oca03746752
040 ## - FUENTE DE CATALOGACIÓN
- Agencia original de catalogación: DLC
- Lenguaje de catalogación: spa
- Agencia de transcripción: DLC
- Agencia que lo modifica: OCoLC
- Agencia que lo modifica: CtY
- Agencia que lo modifica: MX-MxUPN
100 1# - ENCABEZAMIENTO - NOMBRE PERSONAL
- Nombre personal: Ordorika Sacristán, Imanol,
- Fechas asociadas con el nombre: 1958-
373 ## - GRUPO ASOCIADO
- Associated group: Universidad Nacional Autónoma de México. Instituto de Investigaciones Económicas
- Start period: 1987
374 ## - OCUPACIÓN
- Occupation: Investigador
- Occupation: Profesor universitario
400 1# - VEÁSE - NOMBRE DE PERSONA
- Personal name: Sacristán, Imanol Ordorika,
- Dates associated with a name: 1958-
400 1# - VEÁSE - NOMBRE DE PERSONA
- Personal name: Ordorika, Imanol,
- Dates associated with a name: 1958-
670 ## - FUENTE EN LA QUE SE LOCALIZARON DATOS
- Cita de la fuente: Martínez Della Rocca, S. UNAM, espejo del mejor ... 1993:
- Información localizada: portada (Imanol Ordorika Sacristán) página 4 de la cubierta (Instituto de Investigaciones Económica de la UNAM)
670 ## - FUENTE EN LA QUE SE LOCALIZARON DATOS
- Cita de la fuente: La academia en jaque, 2004:
- Información localizada: portada (Imanol Ordorika) página 9 (Imanol Ordorika Sacristán) página 209 (Imanol Ordorika Sacristán; PhD Stanford; on staff at Instituto de Investigaciones Económicas de la Universidad Nacional Autónoma de México since 1987; author of Power and politics in higher education)
670 ## - FUENTE EN LA QUE SE LOCALIZARON DATOS
- Cita de la fuente: Power and politics in university governance, 2002:
- Información localizada: CIP portada (Imanol Ordorika) hoja de datos (n. Oct. 31, 1958)
670 ## - FUENTE EN LA QUE SE LOCALIZARON DATOS
- Cita de la fuente: En la obra: La educación y los retos de 2018, 2018:
- Información localizada: solapa posterior (Imanol Ordorika Sacristán. Maestro y doctor en Ciencias Sociales y Políticas Educativas por la Universidad de Stanford en EU. Investigador del IIEC, profesor de los posgrados de Estudios Políticos y Sociales y de Estudios Latinoamericanos. Es director general de Evaluación Institucional y miembro del Seminario de Educación Superior de la UNAM)
902 ## - CATALOGADOR
- Catalogador: NDAF/200922
